| 000 | 00325nam a2200109Ia 4500 | ||
|---|---|---|---|
| 008 | 240129s9999 xx 000 0 und d | ||
| 100 | _aPATRO, L. RAJESH | ||
| 245 | 0 | _aDESIGN AND DEVELOPMENT OF FLOATING TABLETS OF ANTIHYPERTENSIVE DRUGS | |
| 260 |
_bMEWAR UNIVERSITY, CHITTORGARH _c2021 |
||
| 650 | _aPharmacy | ||
| 942 | _cTHE | ||
| 999 |
_c218928 _d218928 |
||